banner-ar

CROCHET: A HISTORY OF THE CRAFT SINCE 1850 / (Record no. 21202)

MARC details
000 -الفاتح
حقل البيانات ثابتة الطول 00536nam a2200205Ia 4500
008 - عناصر البيانات ثابتة الطول - معلومات عامة
حقل البيانات ثابتة الطول 140319s9999 xx 000 0 eng d
040 ## - مصدر الفهرسة
وكالة الفهرسة الأصلية GCL /
وكالة النسخ GCL
082 04 - رقم تصنيف ديوى العشرى
رقم التصنيف 746.434
رقم المادة T C
100 1# - المدخل الرئيسى - إسم شخصى
الإسم الشخصى TURNER, PAULINE
245 10 - بيان العنوان
العنوان CROCHET: A HISTORY OF THE CRAFT SINCE 1850 /
بيان المسئوليه,etc TURNER, PAULINE
300 ## - الوصف المادى
التعداد 32 P
490 ## - بيان السلسلة
عنوان السلسلة SHIRE 128 ALBUM
رقم المجلد/ التعيين التسلسلي 0
650 04 - المدخل الاضافى بالموضوع-مصطلح موضوعى
مصطلح موضوعي TEXTILE
650 04 - المدخل الاضافى بالموضوع-مصطلح موضوعى
مصطلح موضوعي CROCHETING, HISTORY
650 04 - المدخل الاضافى بالموضوع-مصطلح موضوعى
مصطلح موضوعي HANDCRAFT
650 04 - المدخل الاضافى بالموضوع-مصطلح موضوعى
مصطلح موضوعي NEDDLE WORKS
942 ## - عناصر المدخل الإضافي( كوها)
مصدر التصنيف او مخطط الترفيف Dewey Decimal Classification
Koha [default] item type كتاب
260 ## - PUBLICATION, DISTRIBUTION, ETC. (IMPRINT)
-- [S.N] :
-- SHIRE PUBLICATIONS LTD
Holdings
حالة التراجع حالة الفقد حالة تلف ليس للاعارة المكان المؤقت الموقع الحالى تاريخ الاكتساب اجمالي اﻻعارات رقم الطلب الباركود تاريخ اخر مشاهدة تاريخ تفعيل السعر نوع وعاء كوها
        مكتبة القاهرة الكبرى مكتبة القاهرة الكبرى 03/26/2014   746.434\T C 39324 03/26/2014 03/26/2014 كتاب

Powered By

EGPV